The mathematics of OZ/ (Record no. 8487)

MARC details
000 -LEADER
fixed length control field 00581nam a22001937a 4500
003 - CONTROL NUMBER IDENTIFIER
control field OSt
005 - DATE AND TIME OF LATEST TRANSACTION
control field 20240614150224.0
008 - FIXED-LENGTH DATA ELEMENTS--GENERAL INFORMATION
fixed length control field 240614b |||||||| |||| 00| 0 eng d
020 ## - INTERNATIONAL STANDARD BOOK NUMBER
International Standard Book Number 9780521700849
040 ## - CATALOGING SOURCE
Original cataloging agency DDC
Transcribing agency MUST
082 ## - DEWEY DECIMAL CLASSIFICATION NUMBER
Edition number 22
Classification number 510 PIC 2002
100 ## - MAIN ENTRY--PERSONAL NAME
Personal name Pickover,Clifford A.
9 (RLIN) 17237
245 ## - TITLE STATEMENT
Title The mathematics of OZ/
Remainder of title Mental Gymnastics from Beyond the Edge
Statement of responsibility, etc. Clifford A. Pickover
260 ## - PUBLICATION, DISTRIBUTION, ETC. (IMPRINT)
Place of publication, distribution, etc. NewYork
Name of publisher, distributor, etc. Cambridge University Press
Date of publication, distribution, etc. c2002
300 ## - PHYSICAL DESCRIPTION
Extent xvi,351p.;
Other physical details ill: (col)
Dimensions 22.8cm
504 ## - BIBLIOGRAPHY, ETC. NOTE
Bibliography, etc Includes indexes
650 ## - SUBJECT ADDED ENTRY--TOPICAL TERM
Topical term or geographic name as entry element Mathematics
942 ## - ADDED ENTRY ELEMENTS (KOHA)
Source of classification or shelving scheme Dewey Decimal Classification
Koha item type Open Shelf
Holdings
Withdrawn status Lost status Source of classification or shelving scheme Damaged status Not for loan Home library Current library Source of acquisition Inventory number Total Checkouts Full call number Barcode Date last seen Koha item type
    Dewey Decimal Classification     MUST Main Library MUST Main Library Donation 11/35231   510 PIC 2002 2024-20553 14/06/2024 Open Shelf